000 00678nam a2200205Ia 4500
005 20241216011304.0
008 190429s9999||||xx |||||||||||||| ||und||
082 _a669.23
_bC29
100 _aCHAVEZ MAURICIO AMANDA CASILDA
245 0 _aOPTIMIZACION DE LA LEY Y RECUPERACION DE CONCENTRADO PLOMO-PLATA EN LA PLANTA CONCENTRADORA SUSANA-CENTRAMINAS
250 _a0
260 _aCERRO DE PASCO-PERU
_bUNDAC
_c1991
300 _a73 pag.
_c30 cm.
341 _h0
490 _v0
_a0
505 _aPLANTA CONCENTRADORA/CIRCUITO DE PLOMO/SISTEMA MODIFICADO/FL
541 _aD
_bCHAVEZ MAURICIO AMANDA C.
_d19-Mar-03
_oSoles
650 _aIngenieria Metalurgica
942 _cTESIS
999 _c37804
_d37804